| 000 | 01808nam a2200433 i 4500 | ||
|---|---|---|---|
| 001 | 197685 | ||
| 003 | ES-MaACL | ||
| 005 | 20250708170228.0 | ||
| 007 | ta | ||
| 008 | 020704s2002 sp | ||| ||spa | ||
| 016 | 7 |
_abimoBNE20020503200 _2SpMaBN |
|
| 017 |
_aMA 51-2002 _bOficina Depósito Legal Málaga |
||
| 020 | _a8460736156 | ||
| 035 | _a(OCoLC)434310874 | ||
| 035 | _a(SpMaBN)bimo0001792629 | ||
| 035 | _a991004381869708606 | ||
| 040 |
_aSpMaBN _bspa _cSpMaBN _erdc |
||
| 080 | _a351.852/.853(460.356 Marbella)(063) | ||
| 080 | _a94(460.356 Marbella)(063) | ||
| 080 | _a946.035.6 Marbella 061.3 | ||
| 080 | _a061.3: 946.035.6 Marbella | ||
| 111 | 2 |
_aJornadas Patrimonio Histórico (Marbella) _n2ª _d2000 _cMarbella _9241102 |
|
| 245 | 1 | 0 | _aJornadas Patrimonio Histórico Local, Marbella, 2000 |
| 260 |
_aMarbella : _bAsociación Cilniana, _c2002 |
||
| 300 |
_a182 páginas : _bilustrado ; _c21 cm |
||
| 336 |
_2rdacontent _atexto |
||
| 337 |
_2rdamedia _asin mediación |
||
| 338 |
_2rdacarrier _avolumen |
||
| 594 | _aEn la portada: Fundación José Banús Masdeu y Pilar Calvo y Sánchez de León | ||
| 650 | 7 |
_aPatrimonio cultural- _zMarbella _2embne _9241103 |
|
| 651 | 7 |
_aMarbella- _xHistoria _2embne _9241104 |
|
| 710 | 2 |
_aAsociación Cilniana para la Defensa y Difusión del Patrimonio Histórico de la Costa del Sol _9241105 |
|
| 852 |
_aES-MaACL _cDEPO1 _jA-15755 _hDonación: Centro de Información Documental de Archivos _xEncuadernación rústica _9206113 |
||
| 914 |
_aCentro de Información Documental de Archivos _ednr |
||
| 942 |
_n0 _cMONOGRAFIA |
||
| 999 |
_c197685 _d197685 |
||